| 000 | 00795nam a22002057a 4500 | ||
|---|---|---|---|
| 999 |
_c12336 _d12336 |
||
| 003 | AR-CdUCM | ||
| 008 | 190408b ||||| |||| 00| 0 spa d | ||
| 040 |
_aMUNICIPALIDAD PROVINCIAL DEL CUSCO _cBIBLIOTECA MUNICIPAL DEL CUSCO |
||
| 082 |
_a346.985 / _bL22 / 1893 |
||
| 100 |
_aLama, Miguel Antonio De La _928722 |
||
| 245 |
_aCódigo civil del Perú : _bcon citas, notas, concordancia y un apéndice / |
||
| 260 |
_aLima : _bGil, _c1893. |
||
| 300 |
_a560 páginas ; _c21 cm. |
||
| 505 | _aContenido De las personas y sus derechos -- De las personas según su estado natural -- De los varones y mujeres -- De los mayores y menores de edad ... | ||
| 650 |
_aCódigo civil _928051 |
||
| 650 |
_aLegislación _92962 |
||
| 650 |
_aEstado _9738 |
||
| 942 |
_2ddc _cLIBROS |
||
| 945 |
_aacv _d08/04/2019 |
||